Online
Catalog

La Rusia soviética en China : (Record no. 13493)

MARC details
000 -CABECERA
campo de control de longitud fija 00927nam a2200241 a 4500
001 - NÚMERO DE CONTROL
campo de control 000013887
005 - FECHA Y HORA DE LA ÚLTIMA TRANSACCIÓN
campo de control 20200929163403.0
008 - DATOS DE LONGITUD FIJA--INFORMACIÓN GENERAL
campo de control de longitud fija 720331s1961 sp 000 0 spa
040 ## - FUENTE DE LA CATALOGACIÓN
Centro catalogador/agencia de origen DO-SdBNP
Lengua de catalogación spa
Centro/agencia transcriptor BNPHU
082 ## - NÚMERO DE LA CLASIFICACIÓN DECIMAL DEWEY
Número de clasificación 327.47051
Número de documento/Ítem C532r
049 ## - FONDOS LOCALES (OCLC)
Fondos de biblioteca BNGR
100 1# - ENTRADA PRINCIPAL--NOMBRE DE PERSONA
Nombre de persona Chiang, Kai-shek,
Fechas asociadas al nombre 1887-1975.
9 (RLIN) 3792
240 10 - TÍTULO UNIFORME
Título uniforme Soviet Russia in China.
Lenguaje de la obra Español
245 10 - MENCIÓN DE TÍTULO
Título La Rusia soviética en China :
Resto del título un resumen a los setenta años /
Mención de responsabilidad, etc. Chiang Chung-cheng (Chiang Kai-shek); versión española Eduardo Peña Abizanda.
260 ## - PUBLICACIÓN, DISTRIBUCIÓN, ETC.
Lugar de publicación, distribución, etc. Madrid, España :
Nombre del editor, distribuidor, etc. Editora Nacional,
Fecha de publicación, distribución, etc. 1961.
300 ## - DESCRIPCIÓN FÍSICA
Extensión 409 p. :
Otras características físicas il. ;
Dimensiones 21 cm.
534 ## - NOTA SOBRE LA VERSIÓN ORIGINAL
Encabezamiento principal del original Título original:
Mención de título del original Soviet Russia in China.
651 #4 - PUNTO DE ACCESO ADICIONAL DE MATERIA--NOMBRE GEOGRÁFICO
Nombre geográfico Rusia
Subdivisión general Relaciones Exteriores
Subdivisión geográfica China
9 (RLIN) 31461
651 #4 - PUNTO DE ACCESO ADICIONAL DE MATERIA--NOMBRE GEOGRÁFICO
Nombre geográfico China
Subdivisión general Relaciones Exteriores
Subdivisión geográfica Rusia
9 (RLIN) 31462
650 #4 - PUNTO DE ACCESO ADICIONAL DE MATERIA--TÉRMINO DE MATERIA
Término de materia o nombre geográfico como elemento de entrada Comunismo
Subdivisión geográfica China
Subdivisión general Historia
9 (RLIN) 3793
700 1# - PUNTO DE ACCESO ADICIONAL--NOMBRE DE PERSONA
Nombre de persona Peña Abizanda, Eduardo
9 (RLIN) 31463
910 ## - DATOS DE OPCIÓN DEL USUARIO (OCLC)
Datos de opción del usuario Catalogación derivada
Holdings
Estado de retiro Estado de pérdida Restricciones de uso No para préstamo Código de colección Localización permanente Ubicación/localización actual Ubicación en estantería Fecha de adquisición Número de inventario Total de préstamos Signatura topográfica completa Código de barras Fecha visto por última vez Precio válido a partir de Tipo de ítem Koha Número de copia
        Monografías: Libros y Folletos General General En catalogación 01.12.2009 LF1   327.47051 C532r 13887-10 25.06.2020 25.06.2020 Préstamo en sala  
    Préstamo restringido Préstamo restrigido Monografías: Libros y Folletos General General En catalogación 01.12.2009 LF1   327.47051 C532r 13887-20 25.06.2020 25.06.2020 Préstamo interno e.2

Powered by Koha